| Tag |
First Indicator |
Second Indicator |
Subfields |
| LEADER |
00000cas a2200000 a 4500 |
| 001 |
in00002811049 |
| 005 |
20151202172311.0 |
| 006 |
m o d |
| 007 |
cr bn||||||abp |
| 007 |
cr bn||||||ada |
| 008 |
101115d19801986caufr poo 0 0eng c |
| 010 |
|
|
|a 2011234634
|
| 022 |
|
|
|l 0193-8703
|y 0193-8703
|
| 035 |
|
|
|a (OCoLC)ocn681699784
|
| 035 |
|
|
|a (OCoLC)681699784
|
| 040 |
|
|
|a OCLCE
|b eng
|c OCLCE
|d OCLCQ
|d EYM
|d HLS
|d OCLCQ
|d TXA
|d UtOrBLW
|
| 042 |
|
|
|a dlr
|a pcc
|
| 049 |
|
|
|a TXAM
|
| 050 |
|
4 |
|a HX1
|b .S95 Electronic
|
| 082 |
0 |
4 |
|a 320.5/32/05
|
| 245 |
0 |
0 |
|a Contemporary Marxism.
|
| 264 |
|
1 |
|a San Francisco, Calif. :
|b Synthesis Publications,
|c ©1980-©1986.
|
| 310 |
|
|
|a Semiannual
|
| 336 |
|
|
|a text
|b txt
|2 rdacontent
|
| 337 |
|
|
|a computer
|b c
|2 rdamedia
|
| 338 |
|
|
|a online resource
|b cr
|2 rdacarrier
|
| 362 |
1 |
|
|a Began with: No. 1 (spring 1980); ceased with: No. 14 (fall 1986).
|
| 506 |
|
|
|3 Use copy
|f Restrictions unspecified
|2 star
|5 MiAaHDL
|
| 533 |
|
|
|a Electronic reproduction.
|b [S.l.] :
|c HathiTrust Digital Library,
|d 2010.
|5 MiAaHDL
|
| 538 |
|
|
|a Mode of access: World Wide Web.
|
| 550 |
|
|
|a Journal of: the Institute for the Study of Labor and Economic Crisis.
|
| 583 |
1 |
|
|a digitized
|c 2010
|h HathiTrust Digital Library
|l committed to preserve
|2 pda
|5 MiAaHDL
|
| 588 |
|
|
|a Description based on: No. 1 (spring 1980); title from PDF cover (JSTOR, viewed Aug. 12, 2011).
|
| 588 |
|
|
|a Latest issue consulted: No. 14 (fall 1986) (JSTOR, viewed Aug. 12, 2011).
|
| 500 |
|
|
|a Electronic resource.
|
| 650 |
|
0 |
|a Communism
|v Periodicals.
|
| 650 |
|
0 |
|a Socialism
|v Periodicals.
|
| 650 |
|
6 |
|a Communisme
|v Périodiques.
|
| 650 |
|
6 |
|a Socialisme
|v Périodiques.
|
| 710 |
2 |
|
|a Institute for the Study of Labor and Economic Crisis (San Francisco, Calif.)
|
| 776 |
0 |
8 |
|i Print version:
|t Contemporary Marxism
|x 0193-8703
|w (DLC) 82641379
|w (OCoLC)5267771
|
| 780 |
0 |
0 |
|t Synthesis
|
| 785 |
0 |
4 |
|t Social justice (San Francisco, Calif.)
|w (DLC) 2011234598
|w (OCoLC)675860698
|
| 948 |
|
|
|a cataloged
|b h
|c 2013/1/3
|d c
|e spoltoratski
|f 9:54:18 am
|g sc
|
| 994 |
|
|
|a C0
|b TXA
|
| 999 |
|
|
|a MARS
|
| 999 |
f |
f |
|s d475ffdb-47c0-3d8b-91cc-a69ae175323f
|i c3e6f5ba-6c79-3dee-86d0-ae3079cf371b
|t 0
|
| 952 |
f |
f |
|a Texas A&M University
|b College Station
|c Electronic Resources
|d Available Online
|t 0
|e HX1 .S95
|g Electronic
|h Library of Congress classification
|
| 998 |
f |
f |
|a HX1 .S95
|t 0
|l Available Online
|